Top 50 Emo Albums - Statistics

General Stats
  • This quiz has been taken 21 times
  • The average score is 8 of 50
Answer Stats
Artist Album % Correct
#1: American Football American Football
100%
#6: Sunny Day Real Estate Diary
67%
#2: Brand New The Devil and God Are Raging Inside Me
53%
#11: Brand New Deja Entendu
47%
#29: Jawbreaker Dear You
40%
#31: The Hotelier Home, Like Noplace is There
40%
#12: Jimmy Eat World Clarity
33%
#23: Rites of Spring Rites of Spring
33%
#9: Orchid Chaos Is Me
27%
#49: Say Anything ...Is a Real Boy
27%
#5: Brave Little Abacus Just Got Back from the Discomfort--We're Alright
27%
#7: Cap'n Jazz Shmap'n Shmazz
27%
#48: Sunny Day Real Estate Sunny Day Real Estate
27%
#3: Orchid Dance Tonight! Revolution Tomorrow!
20%
#17: pageninetynine Document #7
20%
#38: Mineral EndSerenading
20%
#35: Orchid Orchid
20%
#27: Brand New Science Fiction
20%
#20: Mineral The Power of Failing
20%
#21: Jawbreaker 24 Hour Revenge Therapy
13%
#34: pageninetynine Document #5
13%
#15: pageninetynine Document #8
13%
#8: Brave Little Abacus Masked Dancers: Concern in So Many Things You Forget Where You Are
13%
#18: Portraits of Past 01010101
7%
#24: Owen At Home with Owen
7%
#25: Cloud Nothings Attack on Memory
7%
#13: City of Caterpillar City of Caterpillar
7%
#10: Sunny Day Real Estate How it Feels to Be Something On
7%
#32: Touché Amoré Stage Four
7%
#4: Gospel The Moon is a Dead World
7%
#19: Funeral Diner The Underdark
7%
#47: I Hate Myself 10 Songs
0%
#33: Envy A Dead Sinking Story
0%
#14: Envy All the Footprints You've Ever Left and the Fear Expecting Ahead
0%
#41: Penfold Amateurs and Professionals
0%
#26: Circle Takes the Square As the Roots Undo
0%
#46: Daïtro / Sed Non Satiata Daïtro / Sed Non Satiata
0%
#50: Envy Insomniac Doze
0%
#30: La Quiete La Fine Non è la Fine
0%
#45: Daïtro Laisser Vivre les Squelettes
0%
#28: Corea Los Peores 7 km De Mi Vida
0%
#37: Moss Icon Lyburnum Wits End Liberation Fly
0%
#39: Raein Nati da Altri Padri
0%
#40: Jeromes Dream Seeing Means More Than Safety
0%
#44: Fine Before You Came Sfortuna
0%
#42: The Van Pelt Sultans of Sentiment
0%
#16: The Newfound Interest in Connecticut Tell Me About the Long Dark Path Home
0%
#22: Off Minor The Heat Death of the Universe
0%
#43: Lync These Are Not Fall Colors
0%
#36: On the Might of Princes Where You Are and Where You Want to Be
0%
No matching quizzes found
Score Distribution
Percent of People with Each Score
Percentile by Number Answered
Your Score History
You have not taken this quiz